000 00218nam a22000857a 4500
008 160817b xxu||||| |||| 00| 0 eng d
100 _9162
_aSingh L
245 _aMathematics-6
260 _aNew Delhi
_bDhanpat publication
_c2012
999 _c2820
_d2820